书目信息 |
| 题名: |
应用胶体化学
|
|
| 作者: | 侯万国 编著 | |
| 分册: | ||
| 出版信息: | 北京 科学出版社 1998.11 |
|
| 页数: | 380页 | |
| 开本: | 32开 | |
| 丛书名: | ||
| 单 册: | ||
| 中图分类: | O63 | |
| 科图分类: | ||
| 主题词: | 高分子化学 , 高聚物 | |
| 电子资源: | ||
| ISBN: | 7-03-006479-8 | |
| 000 | 00567nam0 2200205 45 | |
| 001 | 0008030958 | |
| 005 | 20000803095839.8 | |
| 010 | @a7-03-006479-8@d30.00元 | |
| 100 | @a20000803d1998 km y0chiy0120 ea | |
| 101 | 0 | @achi |
| 105 | @a z 000yy | |
| 200 | 1 | @a应用胶体化学@AYing Yong Jiao Ti Hua Xue@f侯万国等编著@FHou Wan Guo Deng Bian Zhu |
| 210 | @a北京@c科学出版社@d1998.11 | |
| 215 | @a380页@d32开 | |
| 606 | 0 | @a高分子化学 |
| 606 | 0 | @a高聚物 |
| 690 | @aO63@v3 | |
| 701 | 0 | @a侯万国@4编著 |
| 801 | @aCN@bPftUser@c20000803 | |
| 905 | @b88326-330@dO63@eH281@f5 | |
| 应用胶体化学/侯万国等编著.-北京:科学出版社,1998.11 |
| 380页;32开 |
| ISBN 7-03-006479-8:30.00元 |
| ● |
| 相关链接 |
|
|
|
正题名:应用胶体化学
索取号:O63/H281
 
预约/预借
| 序号 | 登录号 | 条形码 | 馆藏地/架位号 | 状态 | 备注 |
| 1 | 64077 | 200640770 | 自科库401/401自科库 66排3列3层/ [索取号:O63/H281] | 在馆 | |
| 2 | 88326 | 200883268 | 自科库401/401自科库 63排7列5层/ [索取号:O63/H281] | 在馆 | |
| 3 | 88327 | 200883277 | 自科库401/401自科库 63排7列5层/ [索取号:O63/H281] | 在馆 | |
| 4 | 88328 | 200883286 | 自科库401/401自科库 63排7列5层/ [索取号:O63/H281] | 在馆 | |
| 5 | 88329 | 200883295 | 自科库401/401自科库 63排7列5层/ [索取号:O63/H281] | 在馆 | |
| 6 | 88330 | 200883302 | 自科库401/401自科库 63排7列5层/ [索取号:O63/H281] | 在馆 |